[Event "WYCC Open U18"]
[Site "Porto Carras"]
[Date "2015.10.25"]
[Round "1.1"]
[White "Vaibhav, Suri"]
[Black "Johannesson, Oliver"]
[Result "1-0"]
[WhiteElo "2561"]
[BlackElo "2202"]
[PlyCount "91"]
[EventDate "2015.??.??"]
[WhiteClock "0:07:53"]
[BlackClock "0:19:04"]

1. e4 c5 2. Nf3 e6 3. d4 cxd4 4. Nxd4 Nc6 5. Nc3 Qc7 6. Be2 a6 7. O-O Nf6 8.
Be3 Bb4 9. Na4 Be7 10. Nxc6 bxc6 11. Nb6 Rb8 12. Nxc8 Qxc8 13. Bd4 c5 14. Be5
Rb6 15. Qd3 O-O 16. b3 d6 17. Bb2 Nd7 18. Rad1 Bf6 19. Bc1 Qc7 20. f4 Rd8 21.
Kh1 Nf8 22. Bf3 a5 23. Bd2 Rbb8 24. Qc4 Be7 25. Bc3 Nd7 26. Rf2 Ra8 27. Rfd2 a4
28. Qe2 Nb6 29. Qf2 Bf8 30. Qg3 axb3 31. cxb3 Rab8 32. Bf6 Rd7 33. f5 exf5 34.
exf5 Kh8 35. Bc3 Re8 36. a4 Re3 37. Rc2 Qd8 38. Qf4 Rxc3 39. Rxc3 d5 40. a5 Nc8
41. f6 g6 42. Bg4 Rc7 43. Qe5 d4 44. Rxd4 cxd4 45. Qxc7 Qxf6 46. Rf3 1-0

[Event "WYCC Open U18"]
[Site "Porto Carras"]
[Date "2015.10.25"]
[Round "1.2"]
[White "Xu, Yining"]
[Black "Alekseenko, Kirill"]
[Result "0-1"]
[WhiteElo "2201"]
[BlackElo "2539"]
[PlyCount "100"]
[EventDate "2015.??.??"]
[WhiteClock "0:22:23"]
[BlackClock "0:44:26"]

1. e4 e5 2. Nf3 Nc6 3. Bb5 a6 4. Ba4 d6 5. c3 Bd7 6. O-O Nge7 7. d4 Ng6 8. d5
Nb8 9. c4 Be7 10. Nc3 O-O 11. Bxd7 Qxd7 12. Be3 f5 13. exf5 Qxf5 14. Nd2 Nh4
15. h3 Qf7 16. Nde4 Nd7 17. Qg4 Nf5 18. Bg5 Rad8 19. Rad1 h6 20. Bxe7 Qxe7 21.
Ne2 Rb8 22. N2g3 Nd4 23. Rc1 c5 24. Qg6 Nf6 25. f4 Nxe4 26. Qxe4 Qh4 27. Ne2
Nxe2+ 28. Qxe2 Rxf4 29. Rxf4 Qxf4 30. Rf1 Qd4+ 31. Kh2 Rf8 32. Rxf8+ Kxf8 33.
b3 Qf4+ 34. g3 Qf5 35. Kg2 Ke7 36. a3 Kd8 37. b4 Kc7 38. bxc5 dxc5 39. a4 b6
40. g4 Qf4 41. Qd3 e4 42. Qc3 Qf6 43. Qg3+ Kd7 44. Qb8 Qf3+ 45. Kh2 Qf2+ 46.
Kh1 Qf1+ 47. Kh2 Qxc4 48. Qxb6 Qxd5 49. Qa7+ Ke6 50. Kg1 Qd6 0-1

[Event "WYCC Open U18"]
[Site "Porto Carras"]
[Date "2015.10.25"]
[Round "1.3"]
[White "Sanal, Vahap"]
[Black "Grabinsky, Aaron"]
[Result "1/2-1/2"]
[WhiteElo "2501"]
[BlackElo "2194"]
[PlyCount "100"]
[EventDate "2015.??.??"]
[WhiteClock "0:14:42"]
[BlackClock "0:33:23"]

1. Nf3 Nf6 2. g3 e6 3. c4 b6 4. Bg2 Bb7 5. O-O c5 6. b3 Be7 7. Bb2 O-O 8. Nc3
d6 9. d4 cxd4 10. Qxd4 Nbd7 11. Rfd1 a6 12. Rac1 Qc7 13. Ng5 Bxg2 14. Kxg2 Qb7+
15. f3 Rfd8 16. Nge4 Nxe4 17. Nxe4 Nf6 18. Nc3 b5 19. cxb5 axb5 20. e4 d5 21.
exd5 b4 22. Na4 Rxd5 23. Qc4 Rad8 24. Rxd5 Nxd5 25. Bd4 h6 26. Bf2 Rd7 27. Qc8+
Qxc8 28. Rxc8+ Rd8 29. Rxd8+ Bxd8 30. Bc5 f5 31. Kf2 e5 32. Ke2 e4 33. fxe4
fxe4 34. Bd6 Bg5 35. h4 Bf6 36. Nc5 e3 37. Nd3 Nc3+ 38. Kxe3 Nxa2 39. Bxb4 h5
40. Be1 Kf7 41. Nf4 g6 42. Kd3 Be7 43. Kc4 Bd6 44. Bd2 Kf6 45. b4 Nxb4 46. Bxb4
Bxb4 47. Kxb4 Kf5 48. Kc4 g5 49. Ng2 gxh4 50. gxh4 Ke4 1/2-1/2

[Event "WYCC Open U18"]
[Site "Porto Carras"]
[Date "2015.10.25"]
[Round "1.4"]
[White "Harvan, Richard"]
[Black "Yuffa, Daniil"]
[Result "0-1"]
[WhiteElo "2186"]
[BlackElo "2485"]
[PlyCount "70"]
[EventDate "2015.??.??"]
[WhiteClock "0:00:44"]
[BlackClock "0:57:12"]

1. e4 c6 2. Nc3 d5 3. Nf3 Bg4 4. h3 Bxf3 5. Qxf3 e6 6. exd5 cxd5 7. Bb5+ Nc6 8.
O-O Bd6 9. Re1 Nge7 10. d4 O-O 11. Qg4 Nf5 12. Be3 Nxe3 13. Rxe3 Rc8 14. Rd1
Qb6 15. Bd3 f5 16. Qh5 Nxd4 17. Ne2 g6 18. Qh4 Nxe2+ 19. Rxe2 e5 20. c3 e4 21.
Bb1 d4 22. a3 d3 23. Ba2+ Kg7 24. Red2 Rce8 25. Re1 Qc5 26. Kh1 Qe5 27. g3 Be7
28. Qf4 Qxf4 29. gxf4 Bd6 30. Bd5 Bxf4 31. Rdd1 g5 32. b4 b5 33. Bc6 Rc8 34.
Bxb5 Rxc3 35. f3 d2 0-1

[Event "WYCC Open U18"]
[Site "Porto Carras"]
[Date "2015.10.25"]
[Round "1.5"]
[White "Harutyunian, Tigran K"]
[Black "Brazdzionis, Andrius"]
[Result "1-0"]
[WhiteElo "2459"]
[BlackElo "2182"]
[PlyCount "83"]
[EventDate "2015.??.??"]
[WhiteClock "0:28:37"]
[BlackClock "0:31:05"]

1. c4 Nf6 2. Nc3 e6 3. e4 d5 4. e5 d4 5. exf6 dxc3 6. fxg7 cxd2+ 7. Bxd2 Bxg7
8. Qb3 c5 9. Bc3 Bxc3+ 10. Qxc3 Qd4 11. Qc2 Nc6 12. Ne2 Qf6 13. g3 Nb4 14. Qb3
Bd7 15. O-O-O Bc6 16. Rg1 Qxf2 17. a3 Na6 18. Qc3 Ke7 19. Bh3 Qf6 20. Qe3 Qf3
21. Qe5 Qf6 22. Qd6+ Ke8 23. Rgf1 Qe7 24. Qe5 Rg8 25. Nf4 Qg5 26. Qe2 Nc7 27.
Kb1 Rd8 28. Ka2 Ke7 29. Rde1 Rd6 30. Nd3 b6 31. Rf4 Rf8 32. Ne5 Be8 33. Qe4 f6
34. Ref1 Kd8 35. Nf3 Qg7 36. Qb7 Bc6 37. Qb8+ Ke7 38. Qxc7+ Bd7 39. Qb7 f5 40.
Re1 Qh8 41. Bxf5 Rb8 42. Qe4 1-0

[Event "WYCC Open U18"]
[Site "Porto Carras"]
[Date "2015.10.25"]
[Round "1.7"]
[White "Bellahcene, Bilel"]
[Black "Pranavananda, V."]
[Result "1-0"]
[WhiteElo "2455"]
[BlackElo "2174"]
[PlyCount "49"]
[EventDate "2015.??.??"]
[WhiteClock "0:47:31"]
[BlackClock "0:00:41"]

1. d4 e6 2. c4 b6 3. Nc3 Bb7 4. a3 Nf6 5. Bg5 Be7 6. Nf3 O-O 7. e3 Ne4 8. Nxe4
Bxe4 9. Bxe7 Qxe7 10. Rc1 Nc6 11. Nd2 Bg6 12. b4 Rae8 13. Be2 f5 14. f4 e5 15.
dxe5 d6 16. Nf3 Bf7 17. c5 dxe5 18. cxb6 Nxb4 19. axb4 exf4 20. bxc7 Qxe3 21.
Qd2 Qb6 22. Qd4 Qa6 23. Rc2 Qa4 24. Qc3 Bb3 25. Rd2 1-0

[Event "WYCC Open U18"]
[Site "Porto Carras"]
[Date "2015.10.25"]
[Round "1.8"]
[White "Favaloro, Andrea"]
[Black "Tan, Justin"]
[Result "1/2-1/2"]
[WhiteElo "2170"]
[BlackElo "2445"]
[PlyCount "165"]
[EventDate "2015.??.??"]
[WhiteClock "0:01:12"]
[BlackClock "0:01:13"]

1. e4 c5 2. Nf3 e6 3. d4 cxd4 4. Nxd4 Nc6 5. Nc3 Qc7 6. Ndb5 Qb8 7. Be3 a6 8.
Bb6 axb5 9. Nxb5 Bb4+ 10. c3 Ba5 11. Nc7+ Qxc7 12. Bxc7 Bxc7 13. Qg4 Kf8 14.
Bd3 Ne5 15. Qe2 Nxd3+ 16. Qxd3 Ne7 17. O-O f6 18. a4 Kf7 19. b4 b6 20. Qc4 Ra7
21. a5 bxa5 22. Qc5 Rb7 23. bxa5 d6 24. Qh5+ g6 25. Qe2 Ra7 26. a6 Bb6 27. Kh1
Bd7 28. Rfb1 Bc5 29. Rb7 Rxb7 30. axb7 Rb8 31. Rb1 Bc6 32. f3 Rxb7 33. Rxb7
Bxb7 34. Qb5 Bc6 35. Qb8 Be8 36. Qc7 h5 37. h4 e5 38. Kh2 Bc6 39. Qb8 Bd7 40.
Qh8 Bf2 41. Qh7+ Kf8 42. Qh6+ Kg8 43. Qd2 Bc5 44. Qa2+ Kf8 45. Qa8+ Be8 46. g4
Ng8 47. Qd5 Bf7 48. Qa8+ Kg7 49. Qb7 f5 50. g5 fxe4 51. fxe4 Kf8 52. Qb8+ Be8
53. Kg3 Ne7 54. Qa8 Nc6 55. Qb7 Nd8 56. Qh7 Ne6 57. Qh8+ Ke7 58. Qf6+ Kd7 59.
Qf1 Kc7 60. Qc4 Bd7 61. Qd5 Nf4 62. Qc4 Bc6 63. Qf7+ Bd7 64. Qc4 Be6 65. Qb5
Bb6 66. Qa6 Nh3 67. Qb5 Bf2+ 68. Kg2 Bxh4 69. Qa5+ Kd7 70. Qa7+ Kd8 71. Qb8+
Ke7 72. Qc7+ Bd7 73. c4 Nxg5 74. c5 dxc5 75. Qxc5+ Kf7 76. Qd5+ Be6 77. Qxe5
Bh3+ 78. Kh1 Ne6 79. Qh2 Bg4 80. Qxh4 Bf3+ 81. Kg1 g5 82. Qf2 g4 83. Kh2
1/2-1/2

[Event "WYCC Open U18"]
[Site "Porto Carras"]
[Date "2015.10.25"]
[Round "1.9"]
[White "Tran, Tuan Minh"]
[Black "Keleptrishvili, Irakli"]
[Result "1-0"]
[WhiteElo "2444"]
[BlackElo "2162"]
[PlyCount "89"]
[EventDate "2015.??.??"]
[WhiteClock "0:43:59"]
[BlackClock "0:53:36"]

1. d4 d5 2. Nf3 Nf6 3. Bf4 g6 4. e3 Bg7 5. Be2 O-O 6. h3 c5 7. c3 Qb6 8. Qb3 c4
9. Qa3 Nc6 10. b3 cxb3 11. axb3 Ne4 12. O-O Be6 13. Nfd2 a5 14. Nxe4 dxe4 15.
Nd2 f5 16. Bc4 Bf7 17. Bxf7+ Rxf7 18. Nc4 Qb5 19. Rfd1 Bf8 20. Qa2 Rd8 21. Nxa5
Ra8 22. b4 b6 23. c4 Qa6 24. b5 Qc8 25. Nxc6 Rxa2 26. Rxa2 h6 27. Rda1 g5 28.
Ra8 Qe6 29. d5 Qg6 30. Rxf8+ Kxf8 31. Ra8+ Kg7 32. Be5+ Rf6 33. Nxe7 Qh5 34.
Nxf5+ Kg6 35. Rg8+ Kxf5 36. g4+ Qxg4+ 37. hxg4+ Kxe5 38. Rc8 h5 39. Rc6 h4 40.
Rxf6 Kxf6 41. c5 Ke7 42. c6 Kd6 43. Kg2 Kc7 44. f3 exf3+ 45. Kxf3 1-0

[Event "WYCC Open U18"]
[Site "Porto Carras"]
[Date "2015.10.25"]
[Round "1.10"]
[White "Montilli, Vincenzo"]
[Black "Vavulin, Maksim"]
[Result "0-1"]
[WhiteElo "2160"]
[BlackElo "2441"]
[PlyCount "73"]
[EventDate "2015.??.??"]
[WhiteClock "0:01:30"]
[BlackClock "0:03:11"]

1. Nf3 g6 2. c4 Bg7 3. d4 c5 4. Nc3 cxd4 5. Nxd4 Nc6 6. e3 Nh6 7. Nxc6 bxc6 8.
Be2 O-O 9. O-O Rb8 10. Qc2 d6 11. Bd2 f5 12. Rab1 Nf7 13. b4 Ne5 14. f4 Ng4 15.
h3 Nf6 16. Bf3 Ba6 17. b5 cxb5 18. cxb5 Bb7 19. Bxb7 Rxb7 20. Rfc1 e5 21. Nd5
Ne4 22. Be1 g5 23. Qc6 Rbf7 24. Rc4 gxf4 25. exf4 exf4 26. Nxf4 Qg5 27. Nd5 Be5
28. Rb3 Nd2 29. Bxd2 Qxd2 30. Ne3 Bd4 31. Rxd4 Qxd4 32. Qd5 Qxd5 33. Nxd5 Rc8
34. a4 Rc4 35. a5 Rc5 36. Nc3 Rb7 37. a6 0-1

[Event "WYCC Open U18"]
[Site "Porto Carras"]
[Date "2015.10.25"]
[Round "1.11"]
[White "Ali Marandi, Cemil Can"]
[Black "Nilsen, Martin"]
[Result "1-0"]
[WhiteElo "2439"]
[BlackElo "2147"]
[PlyCount "73"]
[EventDate "2015.??.??"]
[WhiteClock "0:50:40"]
[BlackClock "0:01:44"]

1. Nf3 e6 2. g3 b5 3. Bg2 Bb7 4. O-O f5 5. b3 Nf6 6. Bb2 Bc5 7. c4 a6 8. d4 Ba7
9. Nbd2 O-O 10. Rc1 Qe7 11. Qc2 Nc6 12. a3 Rab8 13. Rfe1 Ne4 14. e3 Ba8 15. b4
Qf7 16. cxb5 axb5 17. Nxe4 fxe4 18. Ng5 Qh5 19. Nxe4 Ne7 20. f4 Nd5 21. Ng5 Rb6
22. Bf3 Qh6 23. Qg2 Rc6 24. Kh1 Rc4 25. e4 Nb6 26. d5 Qg6 27. dxe6 dxe6 28. Qh3
Rxc1 29. Bxc1 Rf6 30. Bb2 Qxg5 31. fxg5 Rxf3 32. Qxe6+ Kf8 33. Rd1 Nd7 34.
Bxg7+ Kxg7 35. Rxd7+ Kh8 36. Qe8+ Rf8 37. Qxf8# 1-0

[Event "WYCC Open U18"]
[Site "Porto Carras"]
[Date "2015.10.25"]
[Round "1.12"]
[White "Kiss, Balint"]
[Black "Korpa, Bence"]
[Result "1/2-1/2"]
[WhiteElo "2143"]
[BlackElo "2430"]
[PlyCount "113"]
[EventDate "2015.??.??"]
[WhiteClock "0:01:14"]
[BlackClock "0:02:17"]

1. e4 c5 2. Nf3 e6 3. d4 cxd4 4. Nxd4 Nc6 5. Nb5 d6 6. c4 Nf6 7. N1c3 a6 8. Na3
b6 9. Be2 Bb7 10. O-O Be7 11. Be3 Nb8 12. f3 Nbd7 13. Qb3 Rb8 14. Rfd1 Qc7 15.
Rd2 O-O 16. Qd1 Rbc8 17. Kh1 Qb8 18. Qg1 Bd8 19. Rad1 Bc7 20. Nab1 Bc6 21. b4
Ne5 22. a4 Rcd8 23. Na3 Ba8 24. Rb1 d5 25. exd5 exd5 26. c5 bxc5 27. Bxc5 Rfe8
28. Bd4 Nh5 29. b5 Re6 30. Qf2 Nc4 31. bxa6 Qc8 32. Ra2 Rh6 33. Kg1 Qxa6 34. g3
Qc6 35. Nab5 Bb8 36. Bf1 Re6 37. Bh3 Re7 38. Re1 Ne5 39. Re3 Rde8 40. Rae2 Ng6
41. Rxe7 Rxe7 42. Rxe7 Nxe7 43. Qe3 Ng6 44. Na7 Bxa7 45. Bxa7 Nf6 46. Qc5 Ne5
47. Bg2 Qe6 48. Nb5 Nc6 49. Qe3 Qf5 50. Bc5 Qb1+ 51. Bf1 h5 52. Nd4 Qa1 53. Nf5
Kh8 54. Qg5 Nh7 55. Qe3 Nf6 56. Qg5 Nh7 57. Qe3 1/2-1/2

[Event "WYCC Open U18"]
[Site "Porto Carras"]
[Date "2015.10.25"]
[Round "1.14"]
[White "Boucquet, Emile"]
[Black "Ladva, Ottomar"]
[Result "0-1"]
[WhiteElo "2126"]
[BlackElo "2423"]
[PlyCount "64"]
[EventDate "2015.??.??"]
[WhiteClock "0:00:34"]
[BlackClock "0:38:03"]

1. d4 Nf6 2. c4 e6 3. Nc3 Bb4 4. e3 O-O 5. Nge2 c6 6. a3 Ba5 7. b4 Bc7 8. e4 d6
9. Ng3 a5 10. Bd2 e5 11. d5 Bb6 12. Be2 cxd5 13. cxd5 axb4 14. axb4 Rxa1 15.
Qxa1 Na6 16. Nd1 Ne8 17. O-O g6 18. Kh1 h5 19. Bd3 h4 20. Ne2 g5 21. Qc1 f6 22.
Ng1 Ng7 23. g3 Nh5 24. Be2 Qe8 25. Nb2 Qg6 26. Nc4 Bc7 27. Qc2 Bd7 28. Nxe5
fxe5 29. Bxa6 hxg3 30. Qxc7 Qxe4+ 31. f3 Qh4 32. Qxd7 Qxh2# 0-1

[Event "WYCC Open U18"]
[Site "Porto Carras"]
[Date "2015.10.25"]
[Round "1.15"]
[White "Garriga Cazorla, Pere"]
[Black "Brenner, Stav"]
[Result "1-0"]
[WhiteElo "2422"]
[BlackElo "2124"]
[PlyCount "67"]
[EventDate "2015.??.??"]
[WhiteClock "0:11:09"]
[BlackClock "0:00:33"]

1. c4 Nf6 2. Nc3 g6 3. e4 d6 4. d4 Bg7 5. Nf3 O-O 6. h3 e5 7. d5 Nh5 8. g3 f5
9. exf5 gxf5 10. Ng5 Nf6 11. Bd3 Qe8 12. Bc2 h6 13. Nf3 a5 14. Nh4 e4 15. Be3
Nfd7 16. Qd2 Ne5 17. Bxh6 e3 18. Bxe3 Nxc4 19. Qe2 Nxb2 20. Nb5 Na6 21. Rb1 Bd7
22. Nd4 Na4 23. Ndxf5 Nb4 24. Nxg7 Kxg7 25. Rxb4 axb4 26. Qd3 Rh8 27. O-O Rxh4
28. gxh4 Qh5 29. Bd4+ Kf7 30. Kh2 Nc5 31. Qe3 Qxd5 32. Qf4+ Ke8 33. Bg6+ Kd8
34. Qf8+ 1-0

[Event "WYCC Open U18"]
[Site "Porto Carras"]
[Date "2015.10.25"]
[Round "1.16"]
[White "Lien, Kjell Hakon"]
[Black "Iovcov, Valerii"]
[Result "0-1"]
[WhiteElo "2121"]
[BlackElo "2421"]
[PlyCount "108"]
[EventDate "2015.??.??"]
[WhiteClock "0:38:16"]
[BlackClock "0:19:06"]

1. e4 c6 2. Nc3 d5 3. Nf3 Bg4 4. h3 Bxf3 5. Qxf3 e6 6. d4 dxe4 7. Qxe4 Nf6 8.
Qh4 Nbd7 9. Bd3 Bd6 10. Bg5 Qc7 11. O-O-O h6 12. Kb1 O-O-O 13. Bxf6 Nxf6 14.
Ne4 g5 15. Nxd6+ Rxd6 16. Qg3 Rxd4 17. Qe3 Qf4 18. Qe2 Rhd8 19. g3 Qd6 20. h4
gxh4 21. Qf3 e5 22. Bf5+ Kc7 23. Rxd4 Qxd4 24. c3 Qd5 25. Qxd5 Nxd5 26. Rxh4
Ne7 27. Bh7 Rd1+ 28. Kc2 Rf1 29. Rh2 f5 30. Kb3 Kd7 31. Kc4 h5 32. a4 Ke6 33.
a5 b6 34. axb6 axb6 35. b4 b5+ 36. Kc5 Rc1 37. Kb6 Rxc3 38. Rxh5 Rf3 39. Rh2
Kd7 40. Kb7 Nd5 41. g4 fxg4 42. Be4 Rf7 43. Bxd5 cxd5 44. Kb6 Ke6 45. Kxb5 d4
46. Kc4 Rf3 47. b5 Rc3+ 48. Kb4 Rc1 49. b6 Kd5 50. Kb3 Rb1+ 51. Kc2 Rxb6 52.
Rg2 Rf6 53. Rxg4 Rxf2+ 54. Kd3 e4+ {Kxd4+} 0-1

[Event "WYCC Open U18"]
[Site "Porto Carras"]
[Date "2015.10.25"]
[Round "1.17"]
[White "Mosadeghpour, Masoud"]
[Black "Yogit, S."]
[Result "1-0"]
[WhiteElo "2420"]
[BlackElo "2119"]
[PlyCount "54"]
[EventDate "2015.??.??"]
[WhiteClock "0:23:44"]
[BlackClock "0:00:53"]

1. e4 e5 2. Nf3 Nc6 3. d4 exd4 4. Nxd4 Nf6 5. Nc3 Bb4 6. Nxc6 bxc6 7. Bd3 d5 8.
exd5 Qe7+ 9. Qe2 cxd5 10. Qxe7+ Kxe7 11. O-O Rd8 12. Nb5 c5 13. c3 Ba5 14. Be3
Bb6 15. Rfe1 Kf8 16. Bf4 a6 17. Nd6 Be6 18. Nf5 c4 19. Bc2 Bxf5 20. Bxf5 Ra7
21. b3 d4 22. cxd4 Bxd4 23. Rad1 c3 24. Be3 Re7 25. Kf1 Rd5 26. Rxd4 Rxf5 27.
Rc4 Re8 1-0

[Event "WYCC Open U18"]
[Site "Porto Carras"]
[Date "2015.10.25"]
[Round "1.18"]
[White "Syvalahti, Timo"]
[Black "Codenotti, Marco"]
[Result "0-1"]
[WhiteElo "2111"]
[BlackElo "2419"]
[PlyCount "113"]
[EventDate "2015.??.??"]
[WhiteClock "0:01:09"]
[BlackClock "0:16:22"]

1. d4 Nf6 2. c4 g6 3. Nc3 d5 4. Nf3 Bg7 5. Qb3 dxc4 6. Qxc4 O-O 7. e4 a6 8. Be2
b5 9. Qb3 Nc6 10. e5 Be6 11. exf6 Bxb3 12. fxg7 Kxg7 13. axb3 Nxd4 14. Nxd4
Qxd4 15. O-O Qb4 16. Bf3 Qxb3 17. Ra3 Qc4 18. Nd5 b4 19. Re3 e6 20. b3 Qxf1+
21. Kxf1 exd5 22. Bxd5 Rae8 23. Ke2 Rxe3+ 24. Bxe3 Rd8 25. Bc4 a5 26. Bf4 c6
27. Ba6 f6 28. Be3 a4 29. bxa4 b3 30. Bc1 Rd4 31. Bd3 Rxa4 32. Kd2 Ra2+ 33. Kc3
Rxf2 34. Kxb3 Rxg2 35. Bf4 h5 36. Kc3 g5 37. Bd6 Kf7 38. Be4 Rg1 39. Bc5 Rc1+
40. Kd4 g4 41. Bxc6 h4 42. Bd5+ Kg6 43. Be6 f5 44. Bd6 Rd1+ 45. Ke5 Re1+ 46.
Kd5 Kf6 47. Bd7 Rd1+ 48. Kc5 h3 49. Bc6 Rxd6 50. Kxd6 f4 51. Bd7 Kg5 52. Ke5 f3
53. Ke4 g3 54. hxg3 h2 55. Kxf3 h1=Q+ 56. Ke3 Qe1+ 57. Kd4 0-1

[Event "WYCC Open U18"]
[Site "Porto Carras"]
[Date "2015.10.26"]
[Round "2.1"]
[White "Grigorian, Spartak"]
[Black "Vaibhav, Suri"]
[Result "0-1"]
[BlackElo "2561"]
[WhiteElo "2351"]
[LiveChessVersion "1.4.6"]

1. d4 {[%clk 1:30:53]} Nf6 {[%clk 1:30:45]} 2. Nf3 {[%clk 1:31:15]} d5
{[%clk 1:31:07]} 3. c4 {[%clk 1:31:17]} e6 {[%clk 1:31:27]} 4. Nc3
{[%clk 1:31:41]} Be7 {[%clk 1:31:36]} 5. Bf4 {[%clk 1:31:29]} O-O
{[%clk 1:31:57]} 6. e3 {[%clk 1:31:55]} Nbd7 {[%clk 1:32:15]} 7. c5
{[%clk 1:32:11]} Nh5 {[%clk 1:32:07]} 8. Bd3 {[%clk 1:32:12]} Nxf4
{[%clk 1:31:47]} 9. exf4 {[%clk 1:32:38]} b6 {[%clk 1:32:09]} 10. b4
{[%clk 1:32:18]} c6 {[%clk 1:32:22]} 11. O-O {[%clk 1:32:29]} bxc5
{[%clk 1:32:27]} 12. bxc5 {[%clk 1:31:09]} Qa5 {[%clk 1:32:47]} 13. Qc2
{[%clk 1:24:30]} g6 {[%clk 1:33:02]} 14. Rfe1 {[%clk 1:15:25]} Ba6
{[%clk 1:27:48]} 15. Bxa6 {[%clk 0:44:14]} Qxa6 {[%clk 1:28:14]} 16. Qa4
{[%clk 0:44:33]} Qxa4 {[%clk 1:19:10]} 17. Nxa4 {[%clk 0:45:01]} Rfb8
{[%clk 1:16:43]} 18. Rab1 {[%clk 0:45:07]} Bd8 {[%clk 1:08:13]} 19. Nb2
{[%clk 0:35:54]} Rb5 {[%clk 1:01:58]} 20. Nd3 {[%clk 0:35:27]} Rab8
{[%clk 1:01:37]} 21. Rxb5 {[%clk 0:31:35]} Rxb5 {[%clk 1:01:36]} 22. Nfe5
{[%clk 0:30:44]} Nb8 {[%clk 1:01:44]} 23. g3 {[%clk 0:27:01]} f6 {[%clk 0:38:38]}
24. Nf3 {[%clk 0:10:16]} Kf7 {[%clk 0:38:23]} 25. Kf1 {[%clk 0:06:03]} Na6
{[%clk 0:33:18]} 26. Rc1 {[%clk 0:04:36]} Nb4 {[%clk 0:22:49]} 27. Nxb4
{[%clk 0:04:58]} Rxb4 {[%clk 0:23:15]} 28. Rc3 {[%clk 0:04:48]} Rb1+
{[%clk 0:19:11]} 29. Kg2 {[%clk 0:05:11]} Rb2 {[%clk 0:19:03]} 30. Ra3
{[%clk 0:05:28]} a5 {[%clk 0:18:51]} 31. Ra4 {[%clk 0:05:40]} Bc7
{[%clk 0:16:56]} 32. Kf1 {[%clk 0:05:33]} Ke7 {[%clk 0:15:48]} 33. Ke1
{[%clk 0:04:58]} Kd7 {[%clk 0:13:46]} 34. Nd2 {[%clk 0:03:32]} e5
{[%clk 0:11:56]} 35. fxe5 {[%clk 0:03:49]} fxe5 {[%clk 0:12:24]} 36. Kd1
{[%clk 0:03:53]} exd4 {[%clk 0:08:55]} 37. Kc1 {[%clk 0:03:44]} Rb8
{[%clk 0:09:13]} 38. Rxd4 {[%clk 0:01:27]} g5 {[%clk 0:06:32]} 39. h4
{[%clk 0:00:36]} Rf8 {[%clk 0:05:24]} 40. Rg4 {[%clk 0:30:50]} Bd8
{[%clk 0:30:53]} 41. hxg5 {[%clk 0:27:26]} Rxf2 {[%clk 0:31:08]} 42. Kd1
{[%clk 0:26:48]} Be7 {[%clk 0:26:38]} 43. g6 {[%clk 0:10:04]} hxg6
{[%clk 0:26:44]} 44. Rxg6 {[%clk 0:10:27]} Bxc5 {[%clk 0:24:33]} 45. Nb3
{[%clk 0:10:46]} Bb4 {[%clk 0:18:37]} 46. Rg7+ {[%clk 0:10:55]} Kd6
{[%clk 0:18:50]} 47. Rg6+ {[%clk 0:05:44]} Kc7 {[%clk 0:16:10]} 48. a3
{[%clk 0:06:05]} a4 {[%clk 0:10:51]} 49. axb4 {[%clk 0:06:01]} axb3
{[%clk 0:11:17]} 50. Kc1 {[%clk 0:06:21]} Rc2+ {[%clk 0:08:49]} 51. Kb1
{[%clk 0:06:37]} d4 {[%clk 0:08:28]} 52. Rg7+ {[%clk 0:06:10]} Kd6
{[%clk 0:08:44]} 53. Rf7 {[%clk 0:02:41]} Kd5 {[%clk 0:06:32]} 54. Rf1
{[%clk 0:02:56]} Rg2 {[%clk 0:05:10]} 55. Rf5+ {[%clk 0:02:15]} Ke4
{[%clk 0:03:58]} 56. Rf4+ {[%clk 0:00:42]} Ke3 {[%clk 0:03:02]} 57. b5
{[%clk 0:00:47]} cxb5 {[%clk 0:02:24]} 58. Rf8 {[%clk 0:00:43]} d3
{[%clk 0:02:35]} 59. Re8+ {[%clk 0:00:50]} Kd4 {[%clk 0:02:45]} 60. Rd8+
{[%clk 0:00:54]} Kc3 {[%clk 0:03:10]} 61. Rc8+ {[%clk 0:01:19]} Kb4
{[%clk 0:03:34]} 62. Rd8 {[%clk 0:01:13]} d2 {[%clk 0:03:35]} 63. Rd3
{[%clk 0:00:53]} Ka3 {[%clk 0:03:40]} 0-1

[Event "WYCC Open U18"]
[Site "Porto Carras"]
[Date "2015.10.26"]
[Round "2.2"]
[White "Alekseenko, Kirill"]
[Black "Blandon, Luis Guillermo"]
[Result "1-0"]
[BlackElo "2353"]
[WhiteElo "2539"]
[LiveChessVersion "1.4.6"]

1. e4 {[%clk 1:30:23]} c5 {[%clk 1:30:49]} 2. Nf3 {[%clk 1:29:41]} d6
{[%clk 1:31:01]} 3. d4 {[%clk 1:29:28]} cxd4 {[%clk 1:31:25]} 4. Nxd4
{[%clk 1:29:32]} Nf6 {[%clk 1:31:50]} 5. Nc3 {[%clk 1:29:16]} g6 {[%clk 1:32:07]}
6. Be3 {[%clk 1:28:41]} Bg7 {[%clk 1:32:29]} 7. f3 {[%clk 1:27:56]} a6
{[%clk 1:32:24]} 8. Qd2 {[%clk 1:26:23]} b5 {[%clk 1:32:19]} 9. Be2
{[%clk 1:24:09]} Bb7 {[%clk 1:27:15]} 10. a4 {[%clk 1:24:27]} bxa4
{[%clk 1:23:59]} 11. Rxa4 {[%clk 1:24:24]} Nbd7 {[%clk 1:21:56]} 12. Rb4
{[%clk 1:23:14]} Qc7 {[%clk 1:06:34]} 13. Rc4 {[%clk 1:16:34]} Qa5
{[%clk 0:55:36]} 14. O-O {[%clk 1:10:04]} Ne5 {[%clk 0:46:29]} 15. Ra4
{[%clk 1:08:35]} Qc7 {[%clk 0:45:53]} 16. Rfa1 {[%clk 1:08:00]} O-O
{[%clk 0:46:00]} 17. Bf2 {[%clk 1:02:19]} Nfd7 {[%clk 0:38:44]} 18. Nd5
{[%clk 0:47:56]} Bxd5 {[%clk 0:35:54]} 19. exd5 {[%clk 0:47:01]} Nb6
{[%clk 0:19:35]} 20. Rxa6 {[%clk 0:46:13]} Rxa6 {[%clk 0:14:50]} 21. Rxa6
{[%clk 0:46:26]} Nxd5 {[%clk 0:11:41]} 22. Nb5 {[%clk 0:44:26]} Qb7
{[%clk 0:10:00]} 23. Ra7 {[%clk 0:44:48]} Qc6 {[%clk 0:09:54]} 24. b3
{[%clk 0:45:00]} Nd7 {[%clk 0:06:00]} 25. Rxd7 {[%clk 0:43:53]} Qxd7
{[%clk 0:04:01]} 26. Qxd5 {[%clk 0:44:18]} Rc8 {[%clk 0:03:52]} 27. Bc4
{[%clk 0:43:07]} e6 {[%clk 0:03:01]} 28. Qxd6 {[%clk 0:41:12]} Qb7
{[%clk 0:01:19]} 29. h4 {[%clk 0:36:03]} Ra8 {[%clk 0:01:14]} 30. h5
{[%clk 0:32:46]} gxh5 {[%clk 0:01:01]} 31. Bd4 {[%clk 0:32:39]} 1-0